| 000 | 00424nam a2200157 i 4500 | ||
|---|---|---|---|
| 001 | 26057 | ||
| 003 | ES-MaACL | ||
| 005 | 20230906153359.0 | ||
| 007 | t| | ||
| 008 | 030107s1963 sp ||||1| cat d | ||
| 100 | 1 |
_aArnavat, Josep María. _923077 |
|
| 245 | 1 | 0 |
_aDeclaro pertot i enlloe / _cJ. Mª Arnavat. |
| 260 |
_aReus : _b[s.n., _c1963] ( _fAltés) |
||
| 300 |
_a68 p. ; _c25 cm. |
||
| 852 |
_aES-MaACL _jC-23958 _bR.5763 |
||
| 999 |
_c26057 _d26057 |
||